[Event "EU-ch U14 Girls 30th"]
[Site "Antalya"]
[Date "2022.11.08"]
[Round "3"]
[White "Galstyan, Maria"]
[Black "Lazsadi, Kerka Lilla"]
[Result "1-0"]
[WhiteElo "1521"]
[BlackElo "1763"]
[PlyCount "51"]
[EventDate "2022.11.06"]
[EventType "swiss"]
[EventRounds "9"]
[EventCountry "TUR"]
[SourceTitle "EXT 2024"]
[Source "ChessBase"]
[SourceDate "2023.10.10"]
[SourceVersion "1"]
[SourceVersionDate "2023.10.10"]
[SourceQuality "1"]

1. e4 e6 2. d4 d5 3. Nd2 c5 4. exd5 exd5 5. Bb5+ Nc6 6. Ngf3 Bg4 7. 0-0 Bd6 8. dxc5 Bxc5 9. Nb3 Bd6 10. Nbd4 Nge7 11. Bg5 f6 12. Bh4 a6 13. Bxc6+ bxc6 14. h3 Bd7 15. Qe2 0-0 16. Ne6 Bxe6 17. Qxe6+ Kh8 18. Rad1 c5 19. Rfe1 Re8 20. Bxf6 gxf6 21. Qxf6+ Kg8 22. Ng5 Rf8 23. Qh6 Rf5 24. Qxh7+ Kf8 25. Qh8+ Ng8 26. Ne6+ 1-0

[Event "Budapest FS05 Nadassy"]
[Site "Budapest"]
[Date "2021.05.02"]
[Round "2.4"]
[White "Lazsadi, Kerka Lilla"]
[Black "Szalanczy, Emil"]
[Result "0-1"]
[WhiteElo "1700"]
[BlackElo "2076"]
[PlyCount "62"]
[EventDate "2021.05.01"]
[EventType "schev"]
[EventRounds "10"]
[EventCountry "HUN"]
[SourceTitle "CBM 202 Extra"]
[Source "ChessBase"]
[SourceDate "2021.07.31"]
[SourceVersion "1"]
[SourceVersionDate "2021.07.31"]
[SourceQuality "1"]
[WhiteTeam "Weaker Row"]
[BlackTeam "Stronger Row"]
[WhiteTeamCountry "HUN"]
[BlackTeamCountry "HUN"]

1. d4 Nf6 2. c4 e6 3. Nf3 c5 4. Nc3 cxd4 5. Nxd4 Nc6 6. Nxc6 bxc6 7. e4 Bb4 8. Qf3 e5 9. a3 Bc5 10. Qg3 d6 11. Be2 0-0 12. Bh6 Ne8 13. Bg4 Qf6 14. Bxc8 Qxh6 15. Bd7 Rb8 16. b4 Bd4 17. Rb1 Rb6 18. b5 cxb5 19. cxb5 Nf6 20. Bc6 Nh5 21. Qf3 Nf4 22. 0-0 Bxc3 23. g3 Nh3+ 24. Kg2 Bd4 25. Qg4 Ng5 26. a4 Ne6 27. a5 Rbb8 28. Rfc1 Bc5 29. Bd5 Qf6 30. Qe2 Qg5 31. b6 Nf4+ 0-1

[Event "Wch FIDE Online U12 Girls Europe qual"]
[Site "Tornelo INT"]
[Date "2020.12.09"]
[Round "6"]
[White "Kirtadze, Anastasia"]
[Black "Lazsadi, Kerka Lilla"]
[Result "1-0"]
[WhiteElo "1477"]
[BlackElo "1356"]
[PlyCount "107"]
[EventDate "2020.12.07"]
[EventType "swiss (rapid)"]
[EventRounds "7"]
[EventCountry "ISS"]
[SourceTitle "EXT 2022"]
[Source "ChessBase"]
[SourceDate "2021.10.06"]
[SourceVersion "1"]
[SourceVersionDate "2021.10.06"]
[SourceQuality "1"]

1. Nf3 Nf6 2. c4 c6 3. Nc3 d5 4. e3 Bg4 5. Be2 e6 6. 0-0 Bd6 7. d4 0-0 8. h3 Bf5 9. b3 Ne4 10. Bb2 Nd7 11. Nxe4 Bxe4 12. Nd2 Bf5 13. Bf3 Qg5 14. c5 Bc7 15. Bg4 Nf6 16. Nf3 Qg6 17. Bxf5 exf5 18. Ne5 Bxe5 19. dxe5 Ne4 20. b4 a5 21. a3 Ng5 22. Kh2 Ne6 23. f4 Rab8 24. Rf3 h6 25. Rg3 Qh7 26. Bc3 b6 27. cxb6 Rxb6 28. bxa5 Rbb8 29. a6 Nc5 30. Bb4 Rb5 31. Qc2 Ne4 32. Bxf8 Nxg3 33. a7 Ra5 34. Kxg3 Kxf8 35. Qxc6 Rxa7 36. Qc5+ Re7 37. Rb1 Qg6+ 38. Kh2 f6 39. e6 Qe8 40. Rb7 g6 41. a4 g5 42. a5 gxf4 43. exf4 d4 44. a6 d3 45. Qd6 d2 46. Rxe7 Qxe7 47. Qxd2 Qxe6 48. Qd8+ Kg7 49. Qc7+ Kg6 50. a7 Qe4 51. Qb8 Kh5 52. a8Q Qe2 53. Qe8+ Kh4 54. Qxe2 1-0